| 000 | 01352cam a2200277 a 4500 | ||
|---|---|---|---|
| 001 | 000014474 | ||
| 005 | 20200929163845.0 | ||
| 008 | 990203s1998 mx b 000 0 spa | ||
| 020 | _a9686101942 | ||
| 035 | _a(DLC) 99169048 | ||
| 040 |
_aDO-SdBNP _bspa _cDLC _dBNPHU |
||
| 082 |
_a323 _bE24p |
||
| 245 | 0 | 0 |
_aEducación, paz y derechos humanos : _bensayos y experiencias / _ccoordinador Gerardo Pérez Viramontes. |
| 260 |
_aJalisco : _bInstituto Tecnológico y de Estudio Superiores de Occidente ; _aPuebla : _bUniversidad Iberoamericana, _cc1998. |
||
| 300 |
_a222 p. ; _c22 cm. |
||
| 500 | _aDocumentos de la Paz para la Encuentro de Educación y los Derechos Humanos, Realizado del 16-19 de 1997, en el Instituto Tecnológico de Estudios Superiores de Occidente, Guadalajara, México. | ||
| 504 | _aIncludes bibliographical references. | ||
| 650 | 4 |
_aDerechos humanos _zMéxico. _932693 |
|
| 650 | 4 |
_aEducación para la paz _932694 |
|
| 650 | 4 |
_aSociología de la educación _97856 |
|
| 700 | 2 |
_aPerez Viramontes, Gerardo. _932695 |
|
| 710 | 2 |
_aInstituto Tecnologico de Estudios Superiores de Occidente (Guadalajara, Mexico) _928550 |
|
| 711 | 2 |
_aEncuentro de Educacion para la Paz y los Derechos Humanos _d(1997 : _cInstituto Tecnologico de Estudios Superiores de Occidente) _932696 |
|
| 910 | _aCatalogación por copia / LC | ||
| 049 | _aBNGR | ||
| 999 |
_c14063 _d14063 |
||